Family guy the brian episodes Quiz Stats

 Plays Quiz not verified by Sporcle

Also try: 5-Star TV Villains
Challenge
Share
Tweet
Embed
Score 0/23 Timer 10:00
0 Plays Today
Season Episode % Correct
9Brian Writes a Bestseller
100%
1Brian Portrait of a Dog
50%
2Brian in Love
50%
3Brian Does Hollywood
50%
3Brian Wallows and Peter's Swallows
50%
4Brian the Bachelor
50%
4Brian Goes Back to College
50%
5Saving Private Brian
50%
6Movin' Out Brian's song
50%
8Brian's Got a Brand New Bag
50%
8Brian & Stewie
50%
11Brian's Play
50%
Season Episode % Correct
12Life of Brian
50%
13Stewie Chris & Brian's Excellent Adventure
50%
4Brian Sings and Swings
0%
6Play It Again Brian
0%
6The Former Life of Brian
0%
7The Man with Two Brians
0%
8Brian Griffin's House of Payne
0%
12Brian's a Bad Father
0%
13Brian the Closer
0%
13Our Idiot Brian
0%
14Peter Chris, & Brian
0%

You're not logged in!

Compare scores with friends on all Sporcle quizzes.
OR
Log In

You Might Also Like...

Show Comments

Extras

Created Oct 17, 2017ReportNominate
Tags:brian, episode, family, guy, season

Top Quizzes Today


Score Distribution

Your Account Isn't Verified!

In order to create a playlist on Sporcle, you need to verify the email address you used during registration. Go to your Sporcle Settings to finish the process.

Report this User

Report this user for behavior that violates our Community Guidelines.

Details: